BIBLIOTECA PODER JUDICIAL
Portal Judicial TDF

El proceso incidental / (Registro nro. 1561)

000 -LEADER
fixed length control field 01012nam a22002417a 4500
003 - CONTROL NUMBER IDENTIFIER
control field OSt
005 - DATE AND TIME OF LATEST TRANSACTION
control field 20180927090215.0
008 - FIXED-LENGTH DATA ELEMENTS--GENERAL INFORMATION
fixed length control field 180226b xxu||||| |||| 00| 0 spa d
020 ## - INTERNATIONAL STANDARD BOOK NUMBER
International Standard Book Number 9509072745
040 ## - CATALOGING SOURCE
Transcribing agency PJ
100 ## - ASIENTO PRINCIPAL - NOMBRE DE PERSONA
9 (RLIN) 487
Personal name Chiappini, Julio Oscar
245 13 - MENCIÓN DE TÍTULO
Título propiamente dicho El proceso incidental /
Mención de responsabilidad, etc Julio O. Chiappini.
260 ## - PUBLICATION, DISTRIBUTION, ETC. (IMPRINT)
Place of publication, distribution, etc Buenos Aires :
Name of publisher, distributor, etc Universidad,
Date of publication, distribution, etc 1984.
300 ## - DESCRIPCION FISICA
Extent 190 p.
Dimensions 23 cm.
500 ## - NOTA GENERAL
General note Notas y citas a pie de página.
504 ## - NOTA DE BIBLIOGRAFÍA, ETC.
Bibliography, etc Bibliografía: p.185-190.
505 ## - FORMATTED CONTENTS NOTE
Formatted contents note Contenido:<br/>Determinación de la competencia -- Expediente más antiguo -- Artículo de previo y especial pronunciamiento -- Caducidad por falta de caución -- Excepción de incompetencia -- Prueba informativa - Cancelación de depósitos a plazo fijo -- Regulación de honorarios en los incidentes.
650 #0 - ASIENTO SECUNDARIO DE MATERIA - TERMINO TEMATICO
9 (RLIN) 1148
Topical term or geographic name as entry element DERECHO PROCESAL CIVIL
650 #0 - ASIENTO SECUNDARIO DE MATERIA - TERMINO TEMATICO
9 (RLIN) 1953
Topical term or geographic name as entry element PROCEDIMIENTO CIVIL
650 #0 - ASIENTO SECUNDARIO DE MATERIA - TERMINO TEMATICO
9 (RLIN) 2349
Topical term or geographic name as entry element JURISDICCION Y COMPETENCIA
650 #0 - ASIENTO SECUNDARIO DE MATERIA - TERMINO TEMATICO
9 (RLIN) 2385
Topical term or geographic name as entry element INCIDENTES
942 ## - ADDED ENTRY ELEMENTS (KOHA)
Source of classification or shelving scheme
Koha item type Libros
Classification part 347.921
Item part CHI
Existencias
Withdrawn status Lost status Source of classification or shelving scheme Damaged status Not for loan Permanent Location Current Location Date acquired Full call number Barcode Date last seen Price effective from Koha item type
          Biblioteca Poder Judicial Sur Biblioteca Poder Judicial Sur 2018-09-27 347.921 CHI 0409 2018-09-27 2018-09-27 Libros

12 de Octubre 789 Ushuaia - Tel:  54(02901)441571
Horario de Atención: 8.00 a 17.00 hs. 
bibliotecaush@justierradelfuego.gov.ar
koha@justierradelfuego.gov.ar
Seguinos en nuestras redes @bibliojustdf 

Con tecnología Koha